Quick Pick: 'Of Monsters and Men' Songs Quiz Stats

 Plays Quiz not verified by Sporcle

Challenge
Share
Tweet
Embed
Score 0/12 Timer 01:00
0 Plays Today
% Correct
Love
91.5%
Six
88%
King
83.8%
Talks
83.8%
Paws
82.4%
Teeth
79.6%
Thousand
78.9%
Winter
78.9%
Water
76.8%
Finner
71.8%
Life
70.4%
Numb
67.6%

You're not logged in!

Compare scores with friends on all Sporcle quizzes.
OR
Log In

You Might Also Like...

Show Comments

Extras

Top Quizzes Today


Score Distribution

Your Account Isn't Verified!

In order to create a playlist on Sporcle, you need to verify the email address you used during registration. Go to your Sporcle Settings to finish the process.

Report this User

Report this user for behavior that violates our Community Guidelines.

Details: